| 000 | 00588nam a22001817a 4500 | ||
|---|---|---|---|
| 005 | 20250626112044.0 | ||
| 010 | _aENG-145574 | ||
| 020 |
_a9788171730230 _c595.00 |
||
| 035 | _aEN-129106 | ||
| 037 | _bDBAD | ||
| 082 | _a921 | ||
| 100 |
_aYadav, Hari Mohan _982371 |
||
| 245 |
_aA Study Of Socio Cultural Conflict In The Novels Of R.K.Narayan/ _cHari Mohan Yadav |
||
| 260 |
_aDelhi _bDurga Publications _c2012 |
||
| 270 |
_aE-2/621, Sonia Vihar, _bDelhi _e110094 _k22963688 _mdurgapublications@yahoo.com |
||
| 300 |
_a163p. _c22cm, (Hb) |
||
| 942 |
_2ddc _cEN _h921 _mYAD |
||
| 999 |
_c211964 _d211964 |
||